By winter's light #1 / Stephanie Laurens.
Available copies
- 3 of 3 copies available at LARL/NWRL Consortium.
- 3 of 3 copies available at Northwest Regional Library. (Show preferred library)
Current holds
0 current holds with 3 total copies.
Show Only Available Copies
| Location | Call Number / Copy Notes | Barcode | Shelving Location | Status | Due Date |
|---|---|---|---|---|---|
| Greenbush Public Library | LAU (Text) | 35500005437437 | Main | Available | - |
| Roseau Public Library | LAU (Text) | 35500005437445 | Main | Available | - |
| Warroad Public Library | LAU (Text) | 35500005437544 | Main | Available | - |
Record details
- ISBN: 9780778317470
- ISBN: 0778317471
- Physical Description: 347 pages ; 19 cm
- Publisher: Don Mills, Ontario : Mira Books, [2014]
Content descriptions
| Summary, etc.: | As the six Cynster families gather together for ... Read More |
Search for related items by subject
| Subject: | Cynster family (Fictitious characters) > Fiction. Tutors and tutoring > Fiction. Governesses > Fiction. Widows > Fiction. Scotland > Social life and customs > 19th century > Fiction. |
| Genre: | Love stories. Historical fiction. Christmas stories. |
Search for related items by series
| LDR | 02089cam a2200481Ii 4500 | ||
|---|---|---|---|
| 001 | 169916 | ||
| 003 | LARL_NWRL_CONSORTIUM | ||
| 005 | 20170524194006.0 | ||
| 008 | 140425s2014 onc 000 1 eng d | ||
| 020 | . | ‡a9780778317470 | |
| 020 | . | ‡a0778317471 | |
| 035 | . | ‡a(OCoLC)878504599 | |
| 043 | . | ‡ae-uk-st | |
| 082 | 0 | 4. | ‡a823/.914 ‡223 |
| 100 | 1 | . | ‡aLaurens, Stephanie, ‡eauthor. ‡0(LARL_NWRL_CONSORTIUM)139417 |
| 245 | 1 | 0. | ‡aBy winter's light ‡n#1 / ‡cStephanie Laurens. |
| 260 | . | ‡aDon Mills, Ontario : ‡bMira Books, ‡c[2014] | |
| 260 | . | ‡c©2014 | |
| 300 | . | ‡a347 pages ; ‡c19 cm | |
| 336 | . | ‡atext ‡btxt ‡2rdacontent | |
| 337 | . | ‡aunmediated ‡bn ‡2rdamedia | |
| 338 | . | ‡avolume ‡bnc ‡2rdacarrier | |
| 490 | 0 | . | ‡aCynsters next generation ; ‡v1 |
| 490 | 0 | . | ‡aCynster ; ‡v21 |
| 520 | . | ‡aAs the six Cynster families gather together for the holidays at snowbound Casphairn Manor in Scotland, Claire Meadows, widow and governess to Gabriel Cynster's daughter starts a relationship with tutor Daniel Crosbie. | |
| 650 | 0. | ‡aCynster family (Fictitious characters) ‡vFiction. | |
| 650 | 0. | ‡aTutors and tutoring ‡vFiction. | |
| 650 | 0. | ‡aGovernesses ‡vFiction. ‡0(LARL_NWRL_CONSORTIUM)165490 | |
| 650 | 0. | ‡aWidows ‡vFiction. ‡0(LARL_NWRL_CONSORTIUM)167902 | |
| 651 | 0. | ‡aScotland ‡xSocial life and customs ‡y19th century ‡vFiction. | |
| 655 | 7. | ‡aLove stories. ‡2gsafd | |
| 655 | 7. | ‡aHistorical fiction. ‡2gsafd | |
| 655 | 0. | ‡aChristmas stories. | |
| 901 | . | ‡a169916 ‡bOCLC ‡c169916 ‡tbiblio | |

Add to basket
Permalink
Disable Highlighting